|
|
|
|
| LEADER |
00000nam a22000007a 4500 |
| 005 |
20130429180610.0 |
| 007 |
cr|||| |||| |
| 008 |
130429e2012 it |||||s|||| 00||0 ita d |
| 020 |
|
|
|a 9788866111788
|
| 035 |
|
|
|a 11204
|
| 040 |
|
|
|a vLex
|
| 090 |
|
|
|c 4219
|d 4219
|
| 100 |
1 |
0 |
|a Carnimeo, Nicol ̣
|
| 245 |
1 |
3 |
|a La pesca sostenibile nel Mediterraneo Strumenti normativi per una politica comune
|c / Nicol ̣Carnimeo
|h [Recurso electrn̤ico]
|
| 256 |
|
|
|a Servicio en ln̕ea
|
| 260 |
|
|
|a Bari :
|b Cacucci Editore,
|c 2012
|
| 300 |
|
|
|a 1 Recurso electrn̤ico
|
| 506 |
|
|
|d vLex Global
|d vLex Global (Academic Edition, excluding Law Schools)
|d vLex Global (U.S. Academic Edition, Law Schools)
|d vLex Global (U.S. Academic Edition, excluding Law Schools)
|d vLex Global (Academic Edition, Law Schools)
|
| 650 |
0 |
4 |
|a Derecho del medio ambiente
|
| 650 |
0 |
4 |
|a Derecho comunitario
|
| 650 |
0 |
4 |
|a Pesca
|
| 650 |
0 |
4 |
|a Proteccin̤ del medio marino
|
| 740 |
|
|
|a vLex Libros (Servicio en ln̕ea)
|
| 856 |
|
|
|a Acceso restringido
|u http://www.vlex.com/source/11204
|
| 942 |
|
|
|c BOOK
|
| 999 |
|
0 |
|a Environmental law
|